00000000nam 2200000za 4500
0019.643812
003CaOODSP
00520240624082229
007cr |||||||||||
008150407|1992||||xxc|||||o    f|0| 0 fre d
040 |aCaOODSP|bfre
043 |an-cn---
0861 |aCP32-55/2-1992F-PDF
24500|aCommission d'enquête sur l'écrasement d'un avion d'Air Ontario à Dryden (Ontario) - rapport final. Volume II |h[ressource électronique] : |bcinquième partie / |cVirgil P. Moshansky, commissaire.
260 |aOttawa : |bBureau du Conseil privé, |cc1992.
300 |a96, 83, 172, 185 p. : |bgraphique, cartes
500 |aPublication historique numérisée en 2010 par le Bureau du Conseil privé du Canada.
590 |a15-04-Supp|b2015-03-19
69107|aAccident d'avion|2gcpds
69107|aCommission d'enquête|2gcpds
7101 |aCanada. |bBureau du Conseil privé.
77508|tCommission of Inquiry Into the Air Ontario Crash at Dryden, Ontario - final report. Volume II : |w(CaOODSP)9.699857
85640|ahttp://publications.gc.ca|qPDF|s4.06 Mo|uhttps://publications.gc.ca/collections/collection_2014/bcp-pco/CP32-55-2-1992-2-fra.pdf
85640|ahttp://publications.gc.ca|qPDF|s8.96 Mo|uhttps://publications.gc.ca/collections/collection_2014/bcp-pco/CP32-55-2-1992-4-fra.pdf
85640|ahttp://publications.gc.ca|qPDF|s7.46 Mo|uhttps://publications.gc.ca/collections/collection_2014/bcp-pco/CP32-55-2-1992-1-fra.pdf
85640|ahttp://publications.gc.ca|qPDF|s8.49 Mo|uhttps://publications.gc.ca/collections/collection_2014/bcp-pco/CP32-55-2-1992-3-fra.pdf